01133nam a2200301Ia 4500001001200000003000800012006001900020007001500039008004100054020002200095020002500117040002100142035002100163050002600184100002000210245010800230260004100338300002500379500002000404533015200424630002200576650002500598655002900623700001900652710001700671856012600688999001700814ebr10344095CaPaEBRm u cr cn|||||||||090331s2009 njua s 001 0 eng d z0470460415 (pbk.) z9780470460412 (pbk.) aCaPaEBRcCaPaEBR a(OCoLC)52121077014aHF5548.4b.B35 2009eb1 aBajaj, Geetesh.10aOffice 2008 for Mac all-in-one for dummiesh[electronic resource] /cby Geetesh Bajaj and James Gordon. aHoboken, N.J. :bWiley Pub.,cc2009. axxvi, 813 p. :bill. aIncludes index. aElectronic reproduction.bPalo Alto, Calif. :cebrary,d2010.nAvailable via World Wide Web.nAccess may be limited to ebrary affiliated libraries.00aMicrosoft Office. 0aMacintosh (Computer) 7aElectronic books.2local1 aGordon, James.2 aebrary, Inc.40uhttp://site.ebrary.com/lib/rucke/Doc?id=10344095zAn electronic book accessible through the World Wide Web; click to view c48695d48695